000 00651nam a22002057a 4500
005 20251108174938.0
008 250721s2009 xx 000 0 ara d
082 1 4 _a338.19/سرو
100 1 _aسروجي، فتحي
245 1 0 _aالمساعدات الغذائية و المؤشرات /
264 1 _aالقدس :
_bمعهد أبحاث الاقتصادية الفلسطيني،
_c2009.
300 _a85ص.
650 1 7 _aالمساعدات الغذائية
650 1 7 _aالامن الغذائي
650 1 7 _aفلسطين
700 1 _aسروجي، فتحي
700 1 _aغزاونة، حنين
942 _2ddc
_cBK
999 _c122164
_d122164